000 00367nam a22001697a 4500
005 20260413125802.0
008 160627b xxu||||| |||| 00| 0 eng d
020 _a0-552-15401-6
041 _aeng
082 _a813.6
100 _aBrown, Dan
_91731
245 _aThe Da vinci Code
260 _bRupa
_c2003
300 _a605
650 _aManagement
942 _cBK
999 _c4182
_d4181